00440 2200169 4500001002100000005001500021035002000036245005800056100001300114250001700127300003200144260003100176082001000207084001600217020002200233650001500255INLIS00000000000052520240816072207 a0010-08240000431 aCara Memelihara dan Melatih Merpati Balap /cSuparman0 aSuparman acetakan ke-1 aiv, 67 hlm :bilus ;c21 cm aJakarta :bJP Books,c2007 a636.5 a636.5 SUP c a978-979-348-776-2 4aPeternakan